[Event "20. Abierto de la Constitucion 2018"]
[Site "S. S. de los Reyes ESP"]
[Date "2018.12.04"]
[Round "4.3"]
[White "Paarup, Torsten"]
[Black "Gallardo Garcia, Andres"]
[Result "1/2-1/2"]
[WhiteElo "1989"]
[BlackElo "2331"]
[PlyCount "151"]
[EventDate "2018.12.01"]
[EventType "swiss"]
[EventRounds "9"]
[EventCountry "ESP"]
[SourceTitle "Ajedrez en Madrid"]
[Source "lmi"]
[SourceDate "2018.12.01"]

1. d4 Nf6 2. c4 g6 3. Nc3 Bg7 4. e4 O-O 5. h3 c5 6. d5 e5 7. Bd3 d6 8. Bg5 Na6
9. Nge2 Nc7 10. O-O a6 11. a4 Rb8 12. a5 b5 13. axb6 Rxb6 14. Ra2 Bd7 15. Bc2
Rb4 16. Qd3 h6 17. Bd2 Nh7 18. Ba4 Bc8 19. Nd1 Rb8 20. Ba5 f5 21. f3 f4 22. b4
cxb4 23. Rb2 Rf7 24. Rxb4 Rxb4 25. Bxb4 Bf8 26. Nf2 g5 27. Bc3 h5 28. Rb1 Ne8
29. Ba5 Qxa5 30. Bxe8 Rc7 31. Bxh5 Qc5 32. Bg4 Bxg4 33. hxg4 Nf6 34. Kf1 Nd7
35. Qb3 Qxc4 36. Qxc4 Rxc4 37. Nh3 Nc5 38. Nxg5 Be7 39. Ne6 Nxe6 40. dxe6 Kg7
41. Ra1 Rc6 42. Ke1 Kf6 43. Kd2 Kxe6 44. Nc3 Bd8 45. Kd3 a5 46. Nd5 Rc5 47. Ra2
Rb5 48. Nc3 Rb4 49. Ra4 Rb7 50. Ra2 Rb3 51. Kc4 Rb4+ 52. Kd3 Rb7 53. Kc2 Rc7
54. Kd3 Rc5 55. Ra4 Rc8 56. Ra2 Rb8 57. Kc2 Rb7 58. Kd3 Rh7 59. Kc4 Rh1 60. Nd5
Rb1 61. Kc3 Rc1+ 62. Kd2 Rg1 63. Kd3 Kd7 64. Kc4 Kc6 65. Nc3 Bb6 66. Nd5 Rc1+
67. Kd3 Rh1 68. Kc4 Bd8 69. Nc3 Rc1 70. Kd3 Kc5 71. Ra4 Rg1 72. Ra2 Kc6 73. Kc4
Rc1 74. Kd3 Rg1 75. Kc4 Rc1 76. Kd3 1/2-1/2

[Event "20. Abierto de la Constitucion 2018"]
[Site "S. S. de los Reyes ESP"]
[Date "2018.12.04"]
[Round "4.4"]
[White "Martin Rodriguez, Emilio"]
[Black "Cabanas Bravo, Juan Andres"]
[Result "1-0"]
[WhiteElo "1994"]
[BlackElo "1963"]
[PlyCount "57"]
[EventDate "2018.12.01"]
[EventType "swiss"]
[EventRounds "9"]
[EventCountry "ESP"]
[SourceTitle "Ajedrez en Madrid"]
[Source "lmi"]
[SourceDate "2018.12.01"]

1. d4 Nf6 2. Nf3 g6 3. Bg5 Ne4 4. Bf4 d5 5. Nfd2 Bg7 6. c3 Nf6 7. h3 O-O 8. e3
Nbd7 9. Be2 c5 10. O-O a5 11. a4 Qb6 12. Ra3 Qxb2 13. Rb3 Qa2 14. Qc1 Qxa4 15.
Bb5 Qxb3 16. Nxb3 c4 17. N3d2 Ne4 18. Nxe4 dxe4 19. Nd2 e5 20. Bg3 f5 21. Nxc4
f4 22. Bh4 exd4 23. cxd4 fxe3 24. fxe3 Nf6 25. Nb6 Bf5 26. Nxa8 Rxa8 27. Bxf6
Bxf6 28. g4 Rc8 29. Qa3 1-0

[Event "20. Abierto de la Constitucion 2018"]
[Site "S. S. de los Reyes ESP"]
[Date "2018.12.04"]
[Round "4.5"]
[White "Alfaya Marcelo, Roberto"]
[Black "Vukotic Jovsic, Dragan"]
[Result "1-0"]
[WhiteElo "2166"]
[BlackElo "1935"]
[PlyCount "37"]
[EventDate "2018.12.01"]
[EventType "swiss"]
[EventRounds "9"]
[EventCountry "ESP"]
[SourceTitle "Ajedrez en Madrid"]
[Source "lmi"]
[SourceDate "2018.12.01"]

1. c4 e6 2. Nc3 Nf6 3. e4 Bb4 4. e5 Ng8 5. a3 Be7 6. d4 d5 7. cxd5 exd5 8. Bd3
c6 9. h3 Be6 10. Nge2 Qc8 11. O-O g5 12. f4 gxf4 13. Nxf4 Bf5 14. Qh5 Bxd3 15.
Nxd3 Qe6 16. Nf4 Qh6 17. Qg4 Qg5 18. Qc8+ Bd8 19. Nfxd5 1-0

[Event "20. Abierto de la Constitucion 2018"]
[Site "S. S. de los Reyes ESP"]
[Date "2018.12.04"]
[Round "4.6"]
[White "Vazquez Gonzalez, Jesus"]
[Black "Pastor Alonso De Prado, Alberto"]
[Result "0-1"]
[WhiteElo "1923"]
[BlackElo "2102"]
[PlyCount "70"]
[EventDate "2018.12.01"]
[EventType "swiss"]
[EventRounds "9"]
[EventCountry "ESP"]
[SourceTitle "Ajedrez en Madrid"]
[Source "lmi"]
[SourceDate "2018.12.01"]

1. c4 e6 2. d4 d5 3. Nc3 Nf6 4. cxd5 exd5 5. Bg5 c6 6. e3 Be7 7. Bd3 O-O 8.
Nge2 Nbd7 9. O-O Re8 10. Qc2 Nf8 11. h3 g6 12. f4 Nh5 13. Bh6 f5 14. Bxf8 Bxf8
15. Rf3 Ng7 16. Kh1 a6 17. a4 Qa5 18. Rg1 Be6 19. g4 Kh8 20. Rfg3 Bd6 21. Nc1
c5 22. Nb3 Qb6 23. a5 Qc6 24. dxc5 d4+ 25. Kh2 Bxb3 26. Qxb3 Qxc5 27. Nd5 dxe3
28. Be2 Re4 29. Rf1 g5 30. gxf5 gxf4 31. Rxg7 f3+ 32. Kh1 fxe2 33. Rxh7+ Kxh7
34. Nf6+ Kh8 35. Rg1 Rc4 0-1

[Event "20. Abierto de la Constitucion 2018"]
[Site "S. S. de los Reyes ESP"]
[Date "2018.12.04"]
[Round "4.7"]
[White "Marcos Herrero, Francisco"]
[Black "Pindado Campos, Raul"]
[Result "0-1"]
[WhiteElo "1889"]
[BlackElo "2065"]
[PlyCount "68"]
[EventDate "2018.12.01"]
[EventType "swiss"]
[EventRounds "9"]
[EventCountry "ESP"]
[SourceTitle "Ajedrez en Madrid"]
[Source "lmi"]
[SourceDate "2018.12.01"]

1. Nf3 Nf6 2. c4 c5 3. Nc3 Nc6 4. g3 d5 5. cxd5 Nxd5 6. Nxd5 Qxd5 7. Bg2 g6 8.
O-O Bg7 9. d3 O-O 10. Be3 Qh5 11. Rc1 Bd4 12. Bxd4 cxd4 13. Rxc6 bxc6 14. Nxd4
Bd7 15. Nxc6 Bxc6 16. Bxc6 Rab8 17. Qd2 Rfc8 18. Rc1 Rb6 19. Bf3 Rxc1+ 20. Qxc1
Qa5 21. Qc7 e6 22. a3 Kg7 23. g4 Rb5 24. Qc1 Rc5 25. Qa1 Qd2 26. b4+ Qc3 27.
Qxc3+ Rxc3 28. a4 Rb3 29. a5 Rxb4 30. a6 Ra4 31. Bb7 Rxg4+ 32. Kf1 Ra4 33. e3
e5 34. Ke2 Rh4 0-1

[Event "20. Abierto de la Constitucion 2018"]
[Site "S. S. de los Reyes ESP"]
[Date "2018.12.04"]
[Round "4.8"]
[White "Aziz Ortego, Omar Luis"]
[Black "Anton Quevedo, Andrea"]
[Result "1-0"]
[WhiteElo "2053"]
[BlackElo "1876"]
[PlyCount "61"]
[EventDate "2018.12.01"]
[EventType "swiss"]
[EventRounds "9"]
[EventCountry "ESP"]
[SourceTitle "Ajedrez en Madrid"]
[Source "lmi"]
[SourceDate "2018.12.01"]

1. e4 c5 2. c4 e6 3. Nc3 Nc6 4. Nf3 a6 5. d4 cxd4 6. Nxd4 Qc7 7. Be3 Nf6 8. a3
Be7 9. Rc1 O-O 10. b4 a5 11. Nxc6 bxc6 12. c5 axb4 13. axb4 d5 14. exd5 Nxd5
15. Nxd5 exd5 16. Bd3 f5 17. O-O Bf6 18. b5 f4 19. b6 Qe5 20. Bd2 Qg5 21. f3
Ra2 22. Kh1 Bd4 23. Rc2 Ra3 24. Bc1 Rxd3 25. Qxd3 Bf5 26. Qxd4 Bxc2 27. Re1 Bb3
28. b7 Qh4 29. Re6 Rb8 30. Qe5 Qd8 31. Bxf4 1-0

[Event "20. Abierto de la Constitucion 2018"]
[Site "S. S. de los Reyes ESP"]
[Date "2018.12.04"]
[Round "4.9"]
[White "Lorenzo Bailador, Alfredo"]
[Black "Alonso Garuti, Luis E"]
[Result "1-0"]
[WhiteElo "2044"]
[BlackElo "1774"]
[PlyCount "54"]
[EventDate "2018.12.01"]
[EventType "swiss"]
[EventRounds "9"]
[EventCountry "ESP"]
[SourceTitle "Ajedrez en Madrid"]
[Source "lmi"]
[SourceDate "2018.12.01"]

1. e4 c5 2. c3 d5 3. exd5 Qxd5 4. d4 Nf6 5. Nf3 e6 6. Na3 cxd4 7. Nb5 Na6 8.
Nbxd4 Bd7 9. Bxa6 bxa6 10. O-O Bd6 11. Nb3 Qc6 12. Qd4 Qc7 13. Rd1 Ke7 14. Bg5
Rad8 15. c4 Bc6 16. Qh4 Bxf3 17. gxf3 Be5 18. Rxd8 Rxd8 19. Rb1 h6 20. Bd2 Ke8
21. Ba5 Qd7 22. Bxd8 Qxd8 23. Nc5 Bd4 24. Ne4 Be5 25. Nxf6+ Bxf6 26. Qe4 Qd2
27. Qa8+ Bd8 1-0

[Event "20. Abierto de la Constitucion 2018"]
[Site "S. S. de los Reyes ESP"]
[Date "2018.12.04"]
[Round "4.10"]
[White "Minguela Munoz, Bienvenido"]
[Black "Lin, Yingrui"]
[Result "0-1"]
[WhiteElo "1792"]
[BlackElo "2017"]
[PlyCount "80"]
[EventDate "2018.12.01"]
[EventType "swiss"]
[EventRounds "9"]
[EventCountry "ESP"]
[SourceTitle "Ajedrez en Madrid"]
[Source "lmi"]
[SourceDate "2018.12.01"]

1. Nf3 d5 2. d4 Bg4 3. Ne5 Bf5 4. c4 dxc4 5. Nc3 Nf6 6. Bg5 h6 7. Bh4 Nbd7 8.
Nxc4 c6 9. f3 g5 10. Bf2 Bg7 11. e4 Bg6 12. Bd3 b5 13. Nd2 O-O 14. O-O e5 15.
Nb3 exd4 16. Bxd4 Rc8 17. Bf2 a5 18. Nc5 Nxc5 19. Bxc5 Re8 20. Be2 Nd7 21. Bf2
Qe7 22. Qc2 Ne5 23. Rfd1 a4 24. g4 h5 25. h3 Qf6 26. Kg2 hxg4 27. hxg4 b4 28.
Nxa4 Nxg4 29. Bd4 Qf4 30. Bg1 Be5 31. Qc5 Qg3+ 32. Kf1 Nf6 33. Bf2 Qh3+ 34. Ke1
Bf4 35. Rd3 Nd7 36. Qxb4 Ne5 37. Rb3 Qh1+ 38. Bf1 Nxf3+ 39. Rxf3 Qxf3 40. Nc3
Bxe4 0-1

[Event "20. Abierto de la Constitucion 2018"]
[Site "S. S. de los Reyes ESP"]
[Date "2018.12.04"]
[Round "4.11"]
[White "Romero Fite, Miguel"]
[Black "Rodriguez Garcia, Alberto"]
[Result "1-0"]
[WhiteElo "2003"]
[BlackElo "1781"]
[PlyCount "69"]
[EventDate "2018.12.01"]
[EventType "swiss"]
[EventRounds "9"]
[EventCountry "ESP"]
[SourceTitle "Ajedrez en Madrid"]
[Source "lmi"]
[SourceDate "2018.12.01"]

1. d4 Nf6 2. c4 g6 3. Nc3 d5 4. cxd5 Nxd5 5. Na4 Bg7 6. e4 Nb6 7. Be3 O-O 8.
Rc1 Nc6 9. d5 Nxa4 10. Qxa4 Ne5 11. Be2 c6 12. f4 Ng4 13. Bxg4 Bxg4 14. h3 Bd7
15. Qb3 Qa5+ 16. Bd2 Qb6 17. Bb4 cxd5 18. exd5 Qd4 19. Nf3 Qe4+ 20. Kf2 Qxf4
21. Rhe1 Bd4+ 22. Ke2 Bb5+ 23. Kd1 Rac8 24. Bd2 Rxc1+ 25. Bxc1 Qc7 26. Nxd4 Bd7
27. Bd2 Rc8 28. Bc3 a6 29. Qb4 Qg3 30. Re2 Qd3+ 31. Ke1 Qg3+ 32. Kf1 Qf4+ 33.
Kg1 Qg5 34. Qxe7 Qxd5 35. Re5 1-0

[Event "20. Abierto de la Constitucion 2018"]
[Site "S. S. de los Reyes ESP"]
[Date "2018.12.04"]
[Round "4.12"]
[White "Bartolome Martin, Angel"]
[Black "Hidalgo Prado, David"]
[Result "0-1"]
[WhiteElo "1950"]
[BlackElo "1588"]
[PlyCount "94"]
[EventDate "2018.12.01"]
[EventType "swiss"]
[EventRounds "9"]
[EventCountry "ESP"]
[SourceTitle "Ajedrez en Madrid"]
[Source "lmi"]
[SourceDate "2018.12.01"]

1. Nf3 Nf6 2. g3 d5 3. Bg2 e6 4. b3 Be7 5. Bb2 O-O 6. O-O b6 7. d3 Bb7 8. c4 c5
9. Nbd2 Nbd7 10. Qc2 Qc7 11. Rac1 Rac8 12. Qb1 Qb8 13. Qa1 Rfd8 14. cxd5 exd5
15. e3 Bd6 16. Rfd1 Ba8 17. Bh3 Ne8 18. d4 Rc7 19. Bg2 Rcc8 20. Nb1 Ndf6 21.
Nc3 Bf8 22. Bh3 Rc6 23. Ne5 Rc7 24. Nb5 Re7 25. Nc3 cxd4 26. exd4 Rc7 27. Nb5
Rxc1 28. Rxc1 a6 29. Nc3 Nc7 30. Qb1 Ne6 31. Qd3 Re8 32. Bxe6 Rxe6 33. Qxa6 Bb7
34. Qd3 Bd6 35. f4 Ne4 36. Qd1 f6 37. Nf3 Bxf4 38. gxf4 Qxf4 39. Qf1 f5 40. Rc2
Ba6 41. Bc1 Rg6+ 42. Kh1 Qg4 43. Ne5 Bxf1 44. Nxg4 Rxg4 45. Nxd5 Bd3 46. Rb2
Nf2+ 47. Rxf2 Be4+ 0-1

[Event "20. Abierto de la Constitucion 2018"]
[Site "S. S. de los Reyes ESP"]
[Date "2018.12.04"]
[Round "4.13"]
[White "Largo Barbero, Benito"]
[Black "Bello Burguet, Glenier Lazaro"]
[Result "0-1"]
[WhiteElo "1866"]
[BlackElo "1947"]
[PlyCount "41"]
[EventDate "2018.12.01"]
[EventType "swiss"]
[EventRounds "9"]
[EventCountry "ESP"]
[SourceTitle "Ajedrez en Madrid"]
[Source "lmi"]
[SourceDate "2018.12.01"]

1. d4 Nf6 2. Bf4 d5 3. Nf3 c5 4. c3 Nc6 5. dxc5 a5 6. Nbd2 e6 7. Nb3 Ne4 8. e3
Nxc5 9. Nxc5 Bxc5 10. Qc2 Qe7 11. Bb5 Bd7 12. h4 f6 13. h5 e5 14. Bg3 Rc8 15.
Kf1 O-O 16. Nh4 f5 17. Nf3 e4 18. Bh4 Qe8 19. Ng5 Ne5 20. Bxd7 Qxd7 21. Bg3 0-1

[Event "20. Abierto de la Constitucion 2018"]
[Site "S. S. de los Reyes ESP"]
[Date "2018.12.04"]
[Round "4.14"]
[White "Perdiguero Herreros, Alejandro"]
[Black "Vaquerizo Calvo, Miguel Arturo"]
[Result "0-1"]
[WhiteElo "1635"]
[BlackElo "1944"]
[PlyCount "96"]
[EventDate "2018.12.01"]
[EventType "swiss"]
[EventRounds "9"]
[EventCountry "ESP"]
[SourceTitle "Ajedrez en Madrid"]
[Source "lmi"]
[SourceDate "2018.12.01"]

1. e4 c5 2. c3 e5 3. Nf3 Nc6 4. Bc4 Nf6 5. Ng5 d5 6. exd5 Nxd5 7. Qf3 Qxg5 8.
Bxd5 Qg6 9. O-O Bg4 10. Qe4 Qxe4 11. Bxe4 O-O-O 12. f3 Be6 13. Na3 f5 14. Bc2
Be7 15. d3 Bf6 16. f4 g6 17. Re1 Rhe8 18. fxe5 Nxe5 19. Bf4 Bd7 20. d4 cxd4 21.
cxd4 Nf7 22. Red1 Bc6 23. d5 Rxd5 24. Bb3 Rxd1+ 25. Rxd1 Ne5 26. Rd6 Ng4 27.
Be6+ Rxe6 28. Rxe6 Bxb2 29. Nc4 Bd4+ 30. Ne3 Bd7 31. Re7 Bc5 32. Rxh7 Bxe3+ 33.
Bxe3 Nxe3 34. Rg7 Bc6 35. Rxg6 Nxg2 36. Rxg2 Bxg2 37. Kxg2 Kd7 38. Kf3 Ke6 39.
Kf4 b5 40. h4 b4 41. h5 a5 42. h6 Kf6 43. h7 Kg7 44. Kxf5 a4 45. Ke4 b3 46.
axb3 a3 47. b4 a2 48. b5 a1=Q 0-1

[Event "20. Abierto de la Constitucion 2018"]
[Site "S. S. de los Reyes ESP"]
[Date "2018.12.04"]
[Round "4.15"]
[White "Campos Rodriguez, Alvaro"]
[Black "Lopez de Turiso, Jose Angel"]
[Result "1/2-1/2"]
[WhiteElo "1706"]
[BlackElo "1913"]
[PlyCount "75"]
[EventDate "2018.12.01"]
[EventType "swiss"]
[EventRounds "9"]
[EventCountry "ESP"]
[SourceTitle "Ajedrez en Madrid"]
[Source "lmi"]
[SourceDate "2018.12.01"]

1. e4 c6 2. Nc3 d5 3. Nf3 dxe4 4. Nxe4 Nf6 5. Nxf6+ gxf6 6. d4 Bg4 7. Be2 e6 8.
h3 Bh5 9. g4 Bg6 10. Nh4 Nd7 11. Nxg6 hxg6 12. Qd3 Bh6 13. Bxh6 Rxh6 14. O-O-O
Qa5 15. Qd2 Qxd2+ 16. Rxd2 Rh4 17. c4 g5 18. Bf3 O-O-O 19. b3 Rdh8 20. Bg2 e5
21. dxe5 Nxe5 22. Rhd1 Kc7 23. Kc2 Re8 24. Rd4 Re7 25. f4 Ng6 26. fxg5 fxg5 27.
Be4 Rxh3 28. Bxg6 fxg6 29. R1d2 Rf3 30. c5 Rf4 31. Kc3 Rxd4 32. Kxd4 Kd7 33.
Rf2 Re6 34. Rf7+ Kc8 35. Rf2 Kd7 36. Rf7+ Kc8 37. Rf8+ Kc7 38. Rf7+ 1/2-1/2

[Event "20. Abierto de la Constitucion 2018"]
[Site "S. S. de los Reyes ESP"]
[Date "2018.12.04"]
[Round "4.16"]
[White "Palomares Cortez, Facundo Sebast"]
[Black "Montiel Miguelez, Manuel"]
[Result "0-1"]
[WhiteElo "1684"]
[BlackElo "1814"]
[PlyCount "94"]
[EventDate "2018.12.01"]
[EventType "swiss"]
[EventRounds "9"]
[EventCountry "ESP"]
[SourceTitle "Ajedrez en Madrid"]
[Source "lmi"]
[SourceDate "2018.12.01"]

1. e4 c5 2. Nf3 d6 3. d4 cxd4 4. Nxd4 Nf6 5. Nc3 a6 6. Be2 e6 7. O-O Be7 8. Be3
Qc7 9. f4 Nbd7 10. Qe1 O-O 11. Qg3 Kh8 12. Rad1 b5 13. a3 Bb7 14. Bf3 Rac8 15.
f5 e5 16. Nb3 Nb6 17. Bxb6 Qxb6+ 18. Qf2 Qc7 19. g4 Nd7 20. h4 Nb6 21. g5 Na4
22. f6 gxf6 23. gxf6 Rg8+ 24. Kh2 Bf8 25. Rg1 Bh6 26. Bg4 Bf4+ 27. Kh1 Nxc3 28.
bxc3 Bxe4+ 29. Bf3 Qxc3 30. Nd2 Bxf3+ 31. Nxf3 Qxa3 32. Rd3 Qa2 33. Ng5 h6 34.
Qe2 Qc4 35. Qh5 Bxg5 36. hxg5 Qe4+ 37. Rf3 Qg6 38. Rh3 Qe4+ 39. Rg2 Rg6 40. Kh2
Rxc2 41. Rhg3 Rxg2+ 42. Rxg2 Kh7 43. Qh3 Qf4+ 44. Kg1 Rxg5 45. Qd3+ e4 46. Qc2
Rxg2+ 47. Qxg2 Qg5 0-1

[Event "20. Abierto de la Constitucion 2018"]
[Site "S. S. de los Reyes ESP"]
[Date "2018.12.04"]
[Round "4.17"]
[White "Martinez Miura, Enrique"]
[Black "Alvarez Gonzalez, Eduardo"]
[Result "0-1"]
[WhiteElo "1627"]
[BlackElo "1798"]
[PlyCount "78"]
[EventDate "2018.12.01"]
[EventType "swiss"]
[EventRounds "9"]
[EventCountry "ESP"]
[SourceTitle "Ajedrez en Madrid"]
[Source "lmi"]
[SourceDate "2018.12.01"]

1. e4 c6 2. d4 d5 3. Nc3 dxe4 4. Nxe4 Bf5 5. Ng3 Bg6 6. Nf3 Nd7 7. Bd3 Ngf6 8.
O-O Qc7 9. Re1 e6 10. c4 Be7 11. a3 O-O 12. Bxg6 hxg6 13. Bg5 Bd6 14. Ne4 Nxe4
15. Rxe4 Nf6 16. Re2 Rfe8 17. Qd2 Rad8 18. Qc3 Be7 19. Ne5 c5 20. dxc5 Qxc5 21.
b4 Qc7 22. Rc1 Ne4 23. Rxe4 Bxg5 24. f4 Bf6 25. Qe3 a6 26. Qe2 Rd6 27. Rd1 Red8
28. Rxd6 Rxd6 29. c5 Rd5 30. Nc4 Qd8 31. Nd6 Qd7 32. h3 Bd8 33. Re5 Qc6 34. Re4
Bc7 35. Nxf7 Kxf7 36. Rxe6 Qd7 37. Re4 g5 38. Qc4 Bxf4 39. Kh1 Kf8 0-1

[Event "20. Abierto de la Constitucion 2018"]
[Site "S. S. de los Reyes ESP"]
[Date "2018.12.04"]
[Round "4.19"]
[White "Rubio Gonzalez, Beltran"]
[Black "Chidichimo, Pedro Jose Maria"]
[Result "0-1"]
[WhiteElo "1510"]
[BlackElo "1772"]
[PlyCount "42"]
[EventDate "2018.12.01"]
[EventType "swiss"]
[EventRounds "9"]
[EventCountry "ESP"]
[SourceTitle "Ajedrez en Madrid"]
[Source "lmi"]
[SourceDate "2018.12.01"]

1. d4 d6 2. Bf4 Nf6 3. Nf3 c6 4. Nc3 Qc7 5. e4 Nbd7 6. Bd3 e5 7. Bg3 Be7 8. h3
O-O 9. O-O Re8 10. Re1 Bd8 11. Qd2 Nf8 12. dxe5 dxe5 13. Bxe5 Rxe5 14. Nxe5
Qxe5 15. f4 Bb6+ 16. Kh2 Qh5 17. f5 Ng4+ 18. Kh1 Nf2+ 19. Kh2 Qh4 20. e5 Ng4+
21. Kh1 Qg3 0-1

[Event "20. Abierto de la Constitucion 2018"]
[Site "S. S. de los Reyes ESP"]
[Date "2018.12.04"]
[Round "4.20"]
[White "Camarero Izquierdo, Juan Carlos"]
[Black "Gallego Romero, Manuel"]
[Result "1-0"]
[WhiteElo "1922"]
[BlackElo "1478"]
[PlyCount "39"]
[EventDate "2018.12.01"]
[EventType "swiss"]
[EventRounds "9"]
[EventCountry "ESP"]
[SourceTitle "Ajedrez en Madrid"]
[Source "lmi"]
[SourceDate "2018.12.01"]

1. d4 d5 2. Nc3 c6 3. f3 e6 4. Qd3 Bd6 5. Nh3 Qc7 6. e4 Bxh2 7. f4 dxe4 8. Nxe4
f5 9. Nc3 Bxf4 10. Bxf4 Qe7 11. O-O-O Nf6 12. Kb1 Nbd7 13. Bg5 Nb6 14. Nf4 Bd7
15. Ng6 Qb4 16. Bxf6 Nc4 17. Qxc4 Qxc4 18. Bxc4 gxf6 19. Nxh8 Kf8 20. Rxh7 1-0

[Event "20. Abierto de la Constitucion 2018"]
[Site "S. S. de los Reyes ESP"]
[Date "2018.12.04"]
[Round "4.21"]
[White "Mochon Bernal, Jorge"]
[Black "Rodriguez Bernal, Herman"]
[Result "0-1"]
[WhiteElo "1439"]
[BlackElo "1745"]
[PlyCount "46"]
[EventDate "2018.12.01"]
[EventType "swiss"]
[EventRounds "9"]
[EventCountry "ESP"]
[SourceTitle "Ajedrez en Madrid"]
[Source "lmi"]
[SourceDate "2018.12.01"]

1. f4 c5 2. Nf3 b6 3. e3 Bb7 4. Be2 Nf6 5. b3 Nc6 6. Bb2 d5 7. O-O a6 8. d4 e6
9. Nbd2 Ng4 10. Ng5 Nxe3 11. Nxe6 fxe6 12. Qe1 Nxf1 13. Bh5+ Kd7 14. Qxf1 g6
15. Bg4 Bg7 16. c4 Nxd4 17. Nf3 Nxf3+ 18. Qxf3 Bxb2 19. Bxe6+ Kxe6 20. f5+ gxf5
21. Re1+ Be5 22. Qf4 Qf6 23. g4 Rhg8 0-1

[Event "20. Abierto de la Constitucion 2018"]
[Site "S. S. de los Reyes ESP"]
[Date "2018.12.04"]
[Round "4.22"]
[White "Alfaya Martinez, Enrique"]
[Black "Bravo De La Vega, Alvaro"]
[Result "1-0"]
[WhiteElo "1594"]
[BlackElo "1407"]
[PlyCount "108"]
[EventDate "2018.12.01"]
[EventType "swiss"]
[EventRounds "9"]
[EventCountry "ESP"]
[SourceTitle "Ajedrez en Madrid"]
[Source "lmi"]
[SourceDate "2018.12.01"]

1. d4 d5 2. Bf4 Nf6 3. e3 e6 4. Nf3 Be7 5. Nbd2 Nbd7 6. Bd3 O-O 7. Ne5 b6 8. g4
Nxe5 9. dxe5 Nd7 10. c3 Nc5 11. Bc2 Bb7 12. Rg1 Bg5 13. Bxg5 Qxg5 14. f4 Qh4+
15. Rg3 Qxh2 16. Nf1 Qh1 17. Qe2 Ba6 18. Qf2 Bd3 19. Rg1 Qh6 20. Ng3 Qg6 21.
O-O-O Bxc2 22. Qxc2 Qxc2+ 23. Kxc2 Rad8 24. g5 Ne4 25. Nxe4 dxe4 26. Rd4 Rxd4
27. exd4 Rd8 28. Re1 f5 29. exf6 gxf6 30. gxf6 Kf7 31. Rxe4 Kxf6 32. Kd3 h5 33.
Re2 h4 34. Ke4 h3 35. Rh2 Rh8 36. Kf3 Kf5 37. b4 Rh4 38. Kg3 Rxf4 39. Rxh3 Rg4+
40. Kf3 Rg7 41. Rh5+ Kf6 42. a4 Rg5 43. Rxg5 Kxg5 44. Ke4 Kf6 45. b5 Ke7 46.
Ke5 Kd7 47. c4 Ke7 48. c5 bxc5 49. dxc5 Kd7 50. a5 Ke7 51. b6 cxb6 52. cxb6
axb6 53. a6 b5 54. a7 b4 1-0

[Event "20. Abierto de la Constitucion 2018"]
[Site "S. S. de los Reyes ESP"]
[Date "2018.12.04"]
[Round "4.24"]
[White "Haering Hijon, Javier"]
[Black "Ruiz Grau, David"]
[Result "1/2-1/2"]
[WhiteElo "1555"]
[BlackElo "1289"]
[PlyCount "120"]
[EventDate "2018.12.01"]
[EventType "swiss"]
[EventRounds "9"]
[EventCountry "ESP"]
[SourceTitle "Ajedrez en Madrid"]
[Source "lmi"]
[SourceDate "2018.12.01"]

1. e4 c6 2. d4 d5 3. Nd2 dxe4 4. Nxe4 Nd7 5. Nf3 Ngf6 6. Nxf6+ Nxf6 7. Bd3 Bg4
8. c3 e6 9. Bg5 h6 10. Bh4 Be7 11. Qe2 Bxf3 12. Qxf3 Nd5 13. Bg3 O-O 14. O-O
Bd6 15. Rad1 Bxg3 16. Qxg3 Qb6 17. Rd2 Qc7 18. Qxc7 Nxc7 19. Re1 Rad8 20. Rdd1
Rd5 21. c4 Rd6 22. Bc2 Rfd8 23. Re4 c5 24. d5 exd5 25. Re7 R8d7 26. Rxd7 Rxd7
27. cxd5 Rxd5 28. Rxd5 Nxd5 29. Be4 Nb4 30. a3 Nc6 31. Kf1 Kf8 32. Ke2 f5 33.
Bd5 Ke7 34. Kd3 Kd6 35. Bg8 b5 36. f4 Ne7 37. Ba2 c4+ 38. Kd4 Ng6 39. g3 Ne7
40. Bb1 Nc6+ 41. Ke3 g6 42. g4 Ke6 43. gxf5+ gxf5 44. Bc2 a5 45. b3 cxb3 46.
Bxb3+ Kd6 47. Bc2 Ke6 48. Bb3+ Kf6 49. Bd5 Ne7 50. Bb3 Kg6 51. Kd4 Kh5 52. Ke5
Kg4 53. Bd1+ Kh3 54. Ke6 Nc6 55. Kxf5 b4 56. axb4 axb4 57. Kg6 Nd4 58. Kxh6
Kxh2 59. Kg6 Kg3 60. f5 Nxf5 1/2-1/2

[Event "20. Abierto de la Constitucion 2018"]
[Site "S. S. de los Reyes ESP"]
[Date "2018.12.04"]
[Round "4.25"]
[White "Criado Jimenez, Jose"]
[Black "Martinez-Paul Exposito, Ignacio Jesus"]
[Result "1-0"]
[WhiteElo "1527"]
[BlackElo "1192"]
[PlyCount "37"]
[EventDate "2018.12.01"]
[EventType "swiss"]
[EventRounds "9"]
[EventCountry "ESP"]
[SourceTitle "Ajedrez en Madrid"]
[Source "lmi"]
[SourceDate "2018.12.01"]

1. g3 d5 2. Nf3 Nc6 3. d4 Nf6 4. Bg2 Bf5 5. O-O e6 6. Nbd2 Be7 7. c4 O-O 8.
cxd5 Nxd5 9. e4 Bxe4 10. Nxe4 f5 11. Neg5 Bf6 12. Nxe6 Qe7 13. Nxf8 Rxf8 14.
Re1 Qf7 15. Ne5 Bxe5 16. dxe5 Rd8 17. e6 Qf8 18. Bxd5 Qd6 19. e7+ 1-0

[Event "20. Abierto de la Constitucion 2018"]
[Site "S. S. de los Reyes ESP"]
[Date "2018.12.04"]
[Round "4.26"]
[White "Medina Balenciaga, Patricio"]
[Black "Pindado Del Carmen, Eliseo"]
[Result "0-1"]
[WhiteElo "1408"]
[BlackElo "1525"]
[PlyCount "144"]
[EventDate "2018.12.01"]
[EventType "swiss"]
[EventRounds "9"]
[EventCountry "ESP"]
[SourceTitle "Ajedrez en Madrid"]
[Source "lmi"]
[SourceDate "2018.12.01"]

1. e4 c5 2. Nf3 d6 3. c3 Nf6 4. e5 dxe5 5. Nxe5 e6 6. Bb5+ Bd7 7. Qe2 Be7 8.
O-O O-O 9. d4 Bxb5 10. Qxb5 Qc7 11. Bf4 Qb6 12. Qxb6 axb6 13. Nd2 Nbd7 14. Nxd7
Nxd7 15. Nc4 cxd4 16. Rfd1 Bf6 17. cxd4 Ra4 18. b3 Ra7 19. Be5 Bg5 20. f4 Bh4
21. g3 Bd8 22. d5 b5 23. Ne3 Nxe5 24. fxe5 Bb6 25. Kf2 exd5 26. Rxd5 Rfa8 27.
Rxb5 Bd4 28. Rd1 Rxa2+ 29. Kf3 Bxe3 30. Kxe3 Rxh2 31. Rxb7 Rh6 32. Rd6 Re8 33.
Kf4 Rh1 34. Rdb6 Rf1+ 35. Kg4 Re1 36. Rb5 g6 37. Rb8 h5+ 38. Kh4 Re4+ 39. Kh3
Kf8 40. Rxe8+ Kxe8 41. Kg2 Ke7 42. Kf3 Re1 43. b4 Rb1 44. Rb8 Ke6 45. Ke4 Re1+
46. Kd4 g5 47. b5 Kf5 48. Rb7 Rd1+ 49. Kc5 Kxe5 50. Rxf7 Rc1+ 51. Kb6 Rc3 52.
Ka7 Rxg3 53. b6 h4 54. b7 Ra3+ 55. Kb8 h3 56. Kc8 Rb3 57. Rf1 g4 58. Re1+ Kf4
59. Rd1 Ke3 60. Rg1 Kf3 61. Rc1 Kf4 62. Rf1+ Kg5 63. Rd1 h2 64. Rd5+ Kh4 65.
Rd1 g3 66. Rd4+ Kh3 67. Rd1 Rb2 68. Re1 Kg4 69. Re4+ Kf5 70. Re1 g2 71. Re2
Rxb7 72. Rxg2 h1=Q 0-1